[Event "Bhopal GM Open 2018"]
[Site "Bhopal"]
[Date "2018.12.26"]
[Round "8"]
[White "Grahesh Y"]
[Black "Deviatkin, Andrei"]
[Result "0-1"]
[WhiteElo "2069"]
[BlackElo "2464"]
[Annotator "TA"]
[PlyCount "144"]
[EventDate "2018.12.21"]
[EventType "swiss"]
[EventCountry "IND"]
[SourceTitle "playchess.com"]
[Source "ChessBase"]
[SourceQuality "1"]

{[%evp 20,144,22,0,37,3,3,3,17,4,4,4,0,0,0,5,43,27,26,0,0,0,0,0,0,-22,0,-3,0,0,-5,-14,-9,-22,0,-87,-95,-87,-87,-87,-92,-103,-94,-98,-84,-152,-40,-106,-106,-106,-106,-131,-106,-106,-102,-110,-104,-106,-106,-106,-106,-106,-106,-118,-106,-110,-58,-64,-30,-28,-25,-59,-64,-156,-156,-156,-156,-156,-156,-156,-146,-389,-375,-489,-245,-245,-245,-389,-389,-674,-657,-649,-649,-617,-587,-1091,-1027,-672,-496,-29964,-6281,-29975,-29974,-29981,-29982,-29982,-29983,-29984,-29985,-29985,-29986,-29988,-29989,-29989,-29990,-29990,-29991,-29991,-29992,-29992,-29992,-29993,-29994,-29995,-29995,-29997,-29998]} 1. c4 c6 2. e4 d5 3. cxd5 cxd5 4. exd5 Nf6 5. Nc3 Nxd5 6. Nf3 Nc6 7. d4 e6 8. Bd3 Be7 {[%cal Bf8e7,Be7f6,Bf6e5,Be5d6][%mdl 32]} 9. O-O O-O 10. a3 Bf6 11. Bc2 {LiveBook: 31 Games} Nde7 {[%cal Rc6d4] D42: Queen's Gambit Declined: Semi-Tarrasch: 5 cxd5 Nxd5 6 e3 Nc6 7 Bd3} (11... b6 12. Ne4 Ba6 13. Nxf6+ Nxf6 14. Re1 Qd6 15. Bg5 Rfd8 16. Ne5 Nxd4 17. Bxf6 gxf6 18. Bxh7+ Kf8 19. Bd3 Bxd3 20. Nxd3 {½-½ (38) Li,R (2538)-Le,Q (2723) Saint Louis 2016}) 12. Be3 $146 (12. Qd3 {looks sharper.} g6 13. Bh6 Re8 14. Ne4 Nf5 15. Nxf6+ Qxf6 16. Bg5) ({Predecessor:} 12. Qd3 Ng6 13. Rd1 Qa5 14. Ne4 Nb4 15. Nxf6+ gxf6 16. axb4 Qxa1 17. h4 Qa6 18. b5 Qd6 19. h5 {1-0 (29) Adrian,C (2294)-Hoareau,H (2001) St Denis 2008}) 12... Nf5 13. Bxf5 exf5 {The position is equal.} 14. d5 Ne5 15. Nxe5 Bxe5 16. Bd4 Bd6 17. Re1 Re8 18. Rxe8+ Qxe8 19. Qd2 {And now Bxg7! would win.} f6 20. Re1 Qh5 21. h3 {Threatens to win with Nb5.} Bd7 22. Qd3 a6 23. b4 Re8 24. Rf1 Rc8 25. Re1 Qf7 26. Bb6 h5 27. b5 (27. Qd2 $11 {keeps the balance.}) 27... Bxa3 $17 28. bxa6 bxa6 29. Ba5 Re8 30. Rxe8+ Qxe8 31. Qxa6 Bc5 32. Nd1 {[#]} (32. Qe2 $142) 32... Bb5 (32... Qe4 $1 $17 {[%cal Re4a4] Hoping for ...Qa4.} 33. Ne3 Qa4) 33. Qe6+ ({Better is} 33. Qb7 $1 $15) 33... Qxe6 34. dxe6 {[%mdl 4096] Endgame KBB-KBN} Bc4 35. h4 Bxe6 36. Bd2 Kf7 37. Be3 Bb4 38. Nb2 Be7 39. g3 g5 40. Nd3 Bc4 41. Ne1 Bd5 42. Nc2 f4 (42... Ke6 $17 43. f3 Bb7) 43. gxf4 $15 gxh4 44. Nd4 Be4 45. f5 Bd6 46. f4 (46. f3 $15 Bd3 47. Kg2) 46... Bb4 $17 47. Bf2 Bd2 48. Bxh4 Be3+ 49. Bf2 Bxf4 50. Bh4 $2 (50. Ne2 $17 Bd6 51. Ng3) 50... Be5 $19 51. Bf2 {[#]} Ke7 (51... h4 $142 $1 {[%mdl 512] ( -> ...h3)} 52. Ne2 (52. Bxh4 Bxd4+) 52... Bd3) 52. Ne2 Bxf5 53. Ng3 (53. Kg2 $142) 53... Bg4 54. Nf1 $2 (54. Ne4) 54... Ke6 55. Kg2 f5 56. Bh4 Kd5 57. Bf2 Bf6 58. Bg3 Bg5 59. Bf2 (59. Bc7 $19) 59... Ke4 60. Ng3+ Kd3 {Black mates.} 61. Nf1 f4 62. Nh2 Ke2 63. Bg1 Bh4 64. Bc5 f3+ 65. Kg1 Bh3 66. Nxf3 Kxf3 67. Kh2 Be6 68. Bd6 Be1 69. Bc7 h4 {[%cal Bh5h4,Bh4h3][%mdl 32]} 70. Kh1 Bg3 71. Bb6 h3 72. Bg1 Ke2 {Accuracy: White = 46%, Black = 63%.} 0-1

[Event "Bhopal GM Open 2018"]
[Site "Bhopal"]
[Date "2018.12.26"]
[Round "8"]
[White "Shiva Pavan Teja Sharma U"]
[Black "Manik, Mikulas"]
[Result "0-1"]
[WhiteElo "2057"]
[BlackElo "2410"]
[Annotator "TA"]
[PlyCount "104"]
[EventDate "2018.12.21"]
[EventType "swiss"]
[EventCountry "IND"]
[SourceTitle "playchess.com"]
[Source "ChessBase"]
[SourceQuality "1"]

{[%evp 14,104,12,15,42,0,16,14,0,0,22,-58,-40,-51,-56,-50,-52,-65,-63,-68,-49,-92,-81,-104,-94,-111,-111,-111,-111,-111,-111,-113,-83,-106,-91,-107,-107,-107,-69,-102,-97,-91,-69,-69,-69,-69,-69,-67,-64,-78,-82,-113,-80,-108,-103,-104,-104,-104,-109,-110,-103,-320,-327,-322,-326,-327,-304,-314,-304,-308,-332,-332,-326,-252,-233,-322,-310,-328,-336,-314,-309,-320,-322,-279,-309,-357,-386,-374,-352,-1220,-1206,-1039,-996]} 1. e4 c5 2. Nf3 d6 3. Bb5+ Nd7 4. O-O Ngf6 5. Nc3 a6 6. Bxd7+ {B51: Sicilian: Moscow Variation (3 Bb5+) without 3...Bd7} Bxd7 7. e5 dxe5 8. Nxe5 {LiveBook: 3 Games. The position is equal.} g6 $146 ({Predecessor:} 8... b5 9. d4 b4 10. Ne2 e6 11. Bg5 Be7 12. Re1 Bb5 13. c4 bxc3 14. bxc3 {½-½ (31) Lin,C (2514)-Zhao,J (2611) Hangzhou 2018}) 9. d3 Bg7 10. Re1 O-O 11. Bg5 h6 (11... b5 {seems wilder.} 12. a3 h6 13. Bf4 Kh7 14. Qf3 Be6) 12. Bxf6 (12. Bf4 $11) 12... exf6 $15 13. Nxd7 Qxd7 14. Qf3 f5 15. g3 Rad8 16. Re2 Rfe8 17. Rae1 Rxe2 $1 18. Rxe2 b5 {[%cal Bb7b5,Bb5b4][%mdl 32]} 19. Re1 b4 20. Nd1 Qa4 21. b3 Qxa2 22. Ne3 h5 23. Kg2 Qa5 24. Nd5 {Strongly threatening Ne7+.} Qb5 $1 25. Ne7+ Kh7 26. Nc6 Rd6 27. Ne7 {White wants to play Qa8.} Qd7 {And now ...Bf6 would win.} (27... Qb8 {keeps more tension.} 28. Nd5 Qc8 29. h4 Bd4 30. Nf4 Rd7) 28. Qa8 {Threatening Qg8+.} Qd8 29. Qxd8 Rxd8 {[%mdl 4096] Endgame KRB-KRN} 30. Nc6 Rc8 31. Na5 Bf6 32. h4 {[#]} f4 $1 {[%mdl 512]} 33. Re4 (33. gxf4 Bxh4) 33... fxg3 34. fxg3 Kg8 35. Nc4 Kf8 36. Kf3 Bd4 37. Rf4 $2 {[#]} (37. Na5 $17) 37... f5 $1 $19 38. Ke2 Re8+ 39. Kd1 Bc3 {[%csl Gc3][%cal Re8e1]} 40. Rf1 Re6 41. Rg1 Ke7 42. Rf1 Kd7 43. Rg1 Kc6 44. Rf1 Kb5 45. Rg1 {[#]} a5 $1 46. Rf1 a4 47. bxa4+ Kxa4 48. Rg1 Kb5 49. Rf1 Ra6 50. Rf2 Ra2 {Threatens to win with ...b3!} 51. Nd2 $2 (51. Rf1) 51... Ra1+ 52. Ke2 Rc1 {Accuracy: White = 44%, Black = 78%.} 0-1

[Event "Bhopal GM Open 2018"]
[Site "Bhopal"]
[Date "2018.12.26"]
[Round "8"]
[White "Hemanth Raam"]
[Black "Raahul V S"]
[Result "0-1"]
[WhiteElo "2032"]
[BlackElo "2381"]
[Annotator "TA"]
[PlyCount "24"]
[EventDate "2018.12.21"]
[EventType "swiss"]
[EventCountry "IND"]
[SourceTitle "playchess.com"]
[Source "ChessBase"]
[SourceQuality "1"]

{[%evp 13,24,36,63,34,40,-23,-18,-43,-50,-397,-396,-382,-397]} 1. e4 e5 2. Nf3 Nc6 3. Bb5 g6 4. c3 a6 5. Bxc6 (5. Ba4 Bg7 6. d4 b5 7. Bb3 exd4 8. cxd4 d6 9. h3 Nf6 10. O-O O-O 11. Re1 Bb7 12. Nbd2 Nb4 13. Nf1 {0-1 (33) Hansen,E (2629)-Anand,V (2771) Batumi 2018}) 5... dxc6 6. d4 {C60: Ruy Lopez: Unusual Black 3rd moves and 3...g6} exd4 7. cxd4 Bg4 {LiveBook: 4 Games} 8. Be3 {White is slightly better.} Bg7 9. O-O ({Better is} 9. Nc3 $14) 9... c5 $11 10. Nbd2 cxd4 11. Bxd4 $2 {[%mdl 8192] [#]} (11. Bf4 $1 $15) 11... Qxd4 $1 $19 {[%mdl 576] Pin} 12. Qc2 $146 (12. Nxd4 Bxd1) ({Predecessor:} 12. Qb3 Qxb2 13. Qe3 Qb6 14. Qf4 Bxf3 15. Rab1 Qd6 16. Qxf3 Qxd2 17. Rxb7 Qc3 18. Qd1 Ne7 {0-1 (18) Jakubowski,K (2364)-Spicak,K (2124) Polanczyk 2000}) 12... Qd7 0-1

[Event "Bhopal GM Open 2018"]
[Site "Bhopal"]
[Date "2018.12.26"]
[Round "8"]
[White "Thapa, Krishna"]
[Black "Anuj Shrivatri"]
[Result "0-1"]
[WhiteElo "2024"]
[BlackElo "2357"]
[Annotator "TA"]
[PlyCount "112"]
[EventDate "2018.12.21"]
[EventType "swiss"]
[EventCountry "IND"]
[SourceTitle "playchess.com"]
[Source "ChessBase"]
[SourceQuality "1"]

{[%evp 21,112,20,14,2,2,-16,-20,-12,-9,-19,0,0,0,-35,-31,-18,-21,-26,-23,-55,17,0,0,7,51,49,59,43,158,66,51,57,68,22,28,0,0,0,0,0,0,-112,-108,-97,-89,-80,-8,-351,-351,-351,-351,-555,-557,-543,-534,-883,-875,-859,-728,-852,-836,-665,-615,-743,-741,-823,-802,-968,-918,-962,-905,-901,-846,-760,-692,-1727,-1437,-29973,-29974,-29972,-29974,-29974,-29975,-29979,-29980,-29980,-29981,-29982,-29981,-29982,-29982,-29984,-29985]} 1. d4 Nf6 2. Nf3 g6 3. g3 Bg7 4. Bg2 O-O 5. c4 d6 6. Nc3 Nbd7 7. O-O e5 8. dxe5 dxe5 9. Qc2 c6 10. Rd1 Qe7 11. e4 Ne8 {[%cal Bf6e8,Be8c7,Bc7e6,Be6d4][%mdl 32] LiveBook: 4 Games. E67: King's Indian: Fianchetto: 6...Nbd7} (11... Nh5 12. Rb1 Nc5 13. b4 Ne6 14. Rb3 Qc7 15. b5 Nd4 16. Nxd4 exd4 17. Ne2 c5 18. f4 Nf6 19. a4 {½-½ (64) Gonzalez,J (2563)-Hernandez Molina,D (2569) ICCF email 2005}) 12. Be3 Nc7 13. c5 $146 ({Predecessor:} 13. Qd2 Re8 14. Qd6 Qxd6 15. Rxd6 Bf8 16. Rdd1 f6 17. Na4 Na6 18. Bh3 Ndc5 19. Bxc8 Raxc8 20. Nc3 Rcd8 21. Ne1 Nb4 22. Kf1 Nbd3 23. Nxd3 Nxd3 {½-½ (23) Foisor,O (2310)-Bielczyk,J (2410) Bucharest 1979}) 13... Ne6 {The position is equal.} 14. b4 a5 15. a3 axb4 16. axb4 Nd4 17. Qd3 ({Don't go for} 17. Bxd4 $2 Rxa1 18. Be3 Rxd1+ 19. Nxd1 Nb8 $19) 17... Rxa1 18. Rxa1 {[%cal Rf3d4]} Rd8 {...Nxc5! is the strong threat.} 19. Bxd4 exd4 20. Ne2 f5 (20... b6 $15 21. Nfxd4 Nb8) 21. exf5 Ne5 22. Qb3+ Kh8 23. Nfxd4 Ng4 24. Qc4 gxf5 {[#]} (24... Ne3 $14 25. fxe3 Qxe3+ 26. Kh1 Bxd4) 25. h3 (25. Ra8 $1 $16) 25... Ne5 $14 {[%cal Bg4e5,Be5g6,Bg6f4,Bf4h3][%mdl 32]} 26. Qc2 f4 27. gxf4 Ng6 28. Ra8 Bxd4 29. Nxd4 {Hoping for Ne2.} Nxf4 30. Qe4 Nxh3+ 31. Kf1 (31. Kh2 $11 Qc7+ 32. f4 Qxf4+ 33. Qxf4 Nxf4 34. Bxc6 bxc6 35. Nxc6) 31... Qf6 $1 $17 {[%csl Gh3,LRd4,LRf2][%cal Rf6f2] [#]} 32. f3 {aiming for Rxc8!} Nf4 {Threatens to win with ...Qg5.} 33. Nf5 Qb2 $40 {[%mdl 128] Black is up to no good.} ({Black should play} 33... Nxg2 $17 34. Nd6 Nh4 35. Rxc8 Rxc8 36. Nxc8 Nxf3) 34. Qd4+ $2 {[%mdl 8192]} (34. Nd6 $1 $11 {and White is okay.} Qxg2+ 35. Ke1 Qg3+ 36. Kd2) 34... Qxd4 $19 35. Nxd4 Nxg2 ({Not} 35... Rxd4 36. Rxc8+ Kg7 37. Rc7+ Kf6 38. b5 $17) 36. Ne6 (36. b5 {keeps fighting.} Nf4 37. Kf2) 36... Rg8 37. Nd4 Nf4 38. Ra7 h5 39. b5 cxb5 40. Nxb5 h4 41. Ra4 Rf8 42. Nd6 Bd7 43. Rd4 Bc6 44. Kf2 Ng6 45. Ne4 Rf4 46. Ke3 Bxe4 47. fxe4 {[%mdl 4096] Endgame KRN-KR} h3 {[%cal Bh4h3,Bh3h2][%mdl 32]} 48. Rd8+ Kg7 49. Rd2 Rh4 {Black mates.} 50. Rh2 Ne5 51. Rh1 h2 52. Kf2 Kf6 53. Kg3 Rh8 54. Kg2 Ke6 55. Kg3 Nd7 56. Kf4 Nxc5 {Accuracy: White = 27%, Black = 74%.} 0-1

[Event "Bhopal GM Open 2018"]
[Site "Bhopal"]
[Date "2018.12.26"]
[Round "8"]
[White "Rathneesh R"]
[Black "Gajwa Ankit"]
[Result "0-1"]
[WhiteElo "2017"]
[BlackElo "2253"]
[Annotator "TA"]
[PlyCount "134"]
[EventDate "2018.12.21"]
[EventType "swiss"]
[EventCountry "IND"]
[SourceTitle "playchess.com"]
[Source "ChessBase"]
[SourceQuality "1"]

{[%evp 24,134,0,8,17,0,0,0,0,0,7,0,10,0,0,0,0,0,0,-17,-26,-67,-66,-50,-62,-364,-362,-363,-350,-364,-358,-343,-334,-320,-223,-233,-229,-225,-220,-223,-220,-216,-195,-191,-191,-180,-96,-105,-79,-162,-152,-174,-166,-219,-237,-228,-186,-251,-205,-304,-298,-350,-339,-345,-306,-413,-417,-397,-236,-214,0,-408,-412,-391,-357,-410,-402,-450,-453,-610,-550,-1225,-1069,-29941,-11755,-6548,-6319,-6207,-6103,-6103,-6103,-2774,-1647,-1470,-1408,-29974,-29976,-29970,-29968,-29983,-29984,-29986,-29987,-29988,-29989,-29990,-29991,-29991,-29992,-29992,-29988,-29988,-1072]} 1. e4 c5 2. Nc3 Nc6 3. f4 g6 4. Nf3 Bg7 5. Bb5 Nd4 6. O-O Nxb5 7. Nxb5 d5 8. e5 d4 {B23: Closed Sicilian: Lines without g3} 9. c3 a6 10. Na3 b5 11. cxd4 cxd4 12. d3 Nh6 {[%cal Bg8h6,Bh6f5,Bf5e3][%mdl 32]} 13. Nc2 {LiveBook: 3 Games} Nf5 14. g4 Ne3 $1 {[%cal Re3d1]} 15. Bxe3 dxe3 16. Nxe3 {[#]} Qb6 $146 17. d4 Bb7 18. Qd3 Rd8 19. Rad1 O-O 20. Kg2 f6 21. Kg3 fxe5 22. Nxe5 g5 $36 {[%mdl 2048] Black is pushing.} 23. Qb3+ e6 24. fxg5 $2 {[%mdl 8192]} (24. f5 $15 Rxd4 25. fxe6) 24... Rxf1 $19 {[%mdl 64] Overworked Piece} 25. Rxf1 {aiming for Nf5.} Rxd4 26. Nf3 Qd6+ 27. Kf2 {Nf5 is the strong threat.} Bxf3 28. Kxf3 Rf4+ 29. Kg2 {Threatens to win with Rxf4.} Rb4 30. Qd1 Rxb2+ {[%mdl 64] Double Attack} 31. Rf2 Rxf2+ 32. Kxf2 Qxh2+ 33. Kf3 Qc7 34. Qd3 Qf7+ (34... Qc6+ $1 $19 35. Kf2 Be5 36. Qd8+ Kf7) 35. Ke2 $17 Bf8 36. Qd8 {[#]} (36. Qe4 $17) 36... Qe7 $1 $19 {[%cal Re7d8]} 37. Qb6 Qd6 38. Qb7 (38. Qa7 $142) 38... Qh2+ 39. Ng2 Qe5+ 40. Ne3 (40. Kf3 {is a better defense.}) 40... a5 {[%cal Ba6a5,Ba5a4][%mdl 32]} 41. Qc8 {[#]} (41. Qa8 $142) 41... Kf7 $1 42. Qd8 Be7 {[%mdl 64] Double Attack} 43. Qd7 Qxg5 44. Kf3 a4 45. Qd3 Kg7 (45... h6 $142 46. Qh7+ Qg7) 46. Qd7 Kf7 $2 (46... Qf6+ 47. Ke4 Qg6+ 48. Kf3 Qf7+ 49. Ke2 Bh4 50. Qxb5 Qf2+ 51. Kd3 Qxa2) 47. Qd3 $1 h6 48. Qh7+ Ke8 49. Qh8+ Bf8 50. Qh7 Bc5 51. Ng2 Qd5+ 52. Kg3 Bd6+ 53. Kf2 Qxa2+ 54. Kf3 Qd5+ 55. Kf2 Qd2+ 56. Kf3 Qd1+ 57. Kf2 Qxg4 58. Qb7 Qd4+ 59. Kf1 Qd3+ {Black mates.} 60. Kg1 Bg3 61. Qc6+ Kf7 62. Qc1 a3 63. Ne1 Qd4+ 64. Kg2 Qf2+ 65. Kh3 Bf4 {[%csl Gf4][%cal Rf2g3]} 66. Qxa3 Qh2+ 67. Kg4 h5+ {Accuracy: White = 40%, Black = 83%.} 0-1

[Event "Bhopal GM Open 2018"]
[Site "Bhopal"]
[Date "2018.12.27"]
[Round "9"]
[White "Aleksandrov, Aleksej"]
[Black "Dahale, Atul"]
[Result "1-0"]
[WhiteElo "2590"]
[BlackElo "2069"]
[Annotator "RC"]
[PlyCount "64"]
[EventDate "2018.12.21"]
[EventType "swiss"]
[EventCountry "IND"]
[SourceTitle "playchess.com"]
[Source "ChessBase"]
[SourceQuality "1"]
[TimeControl "5400+30"]

1. d4 {[%emt 0:00:00]} Nf6 {[%emt 0:04:29]} 2. Bg5 {[%emt 0:00:00]} g6 {[%emt 0:01:45]} 3. Bxf6 {[%emt 0:00:00]} exf6 {[%emt 0:00:06]} 4. c4 {[%emt 0:00:00]} Bg7 {[%emt 0:00:20]} 5. e3 {[%emt 0:00:16]} O-O {[%emt 0:00:36]} 6. Nc3 {[%emt 0:00:04]} f5 {[%emt 0:01:49]} 7. g3 {[%emt 0:02:02]} d6 {[%emt 0:01:22]} 8. Bg2 {[%emt 0:00:27]} Nd7 {[%emt 0:01:07]} 9. Nge2 {[%emt 0:01:23]} Nf6 {[%emt 0:04:55]} 10. O-O c6 {[%emt 0:02:54]} 11. b4 {[%emt 0:00:19]} Be6 {[%emt 0:01:06]} 12. Qd3 {[%emt 0:01:17]} d5 {[%emt 0:03:05]} 13. c5 {[%emt 0:00:14]} b5 {[%emt 0:13:49]} 14. a4 {[%emt 0:00:34]} a6 {[%emt 0:01:13]} 15. Ra3 {[%emt 0:02:12]} h5 {[%emt 0:03:52]} 16. Rfa1 {[%emt 0:00:25]} Rc8 {[%emt 0:03:23]} 17. axb5 {[%emt 0:00:44]} axb5 {[%emt 0:01:18]} 18. h4 {[%emt 0:00:37]} Bd7 {[%emt 0:04:18]} 19. Nf4 {[%emt 0:00:44]} Re8 {[%emt 0:00:48]} 20. Ra7 {[%emt 0:01:20]} Rc7 {[%emt 0:00:29]} 21. Qc2 {[%emt 0:00:09]} Ne4 {[%emt 0:03:05]} 22. Nce2 {[%emt 0:00:33]} Nf6 {[%emt 0:12:54]} 23. Qa2 {[%emt 0:06:33]} Kf8 {[%emt 0:01:15]} 24. Nd3 {[%emt 0:07:15]} Bc8 {[%emt 0:04:08]} 25. Qa5 {[%emt 0:04:41]} Rxa7 {[%emt 0:00:55]} 26. Qxa7 {[%emt 0:00:04]} Re7 {[%emt 0:02:58]} 27. Qb8 {[%emt 0:17:59]} Qc7 {[%emt 0:01:59]} 28. Qa8 {[%emt 0:02:36]} Qb7 {[%emt 0:02:08]} 29. Ne5 {[%emt 0:03:46]} Qxa8 {[%emt 0:00:15]} 30. Rxa8 {[%emt 0:00:04]} Rc7 {[%emt 0:00:07]} 31. Nc3 {[%emt 0:05:13]} Ke7 {[%emt 0:05:10]} 32. Ra7 {[%emt 0:01:46]} Kf8 1-0

[Event "Bhopal GM Open 2018"]
[Site "Bhopal"]
[Date "2018.12.27"]
[Round "9"]
[White "Tran, Tuan Minh"]
[Black "Deviatkin, Andrei"]
[Result "1-0"]
[WhiteElo "2524"]
[BlackElo "2464"]
[Annotator "RC"]
[PlyCount "69"]
[EventDate "2018.12.21"]
[EventType "swiss"]
[EventCountry "IND"]
[SourceTitle "playchess.com"]
[Source "ChessBase"]
[SourceQuality "1"]
[TimeControl "5400+30"]

1. d4 {[%emt 0:00:00]} e6 {[%emt 0:06:26]} 2. c4 {[%emt 0:00:13]} g6 {[%emt 0:00:13]} 3. Nc3 {[%emt 0:00:25]} Bg7 {[%emt 0:00:20]} 4. e4 {[%emt 0:00:21]} Ne7 {[%emt 0:00:28]} 5. Nf3 {[%emt 0:00:31]} d5 {[%emt 0:05:44]} 6. e5 h6 {[%emt 0:06:35]} 7. h4 {[%emt 0:05:29]} b6 {[%emt 0:03:32]} 8. Bf4 {[%emt 0:11:28]} Bb7 {[%emt 0:04:12]} 9. Qd2 {[%emt 0:00:59]} Nbc6 {[%emt 0:08:54]} 10. c5 {[%emt 0:01:09]} bxc5 {[%emt 0:05:40]} 11. dxc5 {[%emt 0:00:07]} g5 {[%emt 0:03:53]} 12. hxg5 {[%emt 0:06:49]} hxg5 {[%emt 0:00:32]} 13. Rxh8+ {[%emt 0:00:06]} Bxh8 {[%emt 0:00:06]} 14. Bxg5 {[%emt 0:00:07]} Nxe5 {[%emt 0:03:05]} 15. Nxe5 {[%emt 0:06:31]} Bxe5 {[%emt 0:00:06]} 16. f4 {[%emt 0:00:11]} Bh8 {[%emt 0:03:04]} 17. O-O-O {[%emt 0:11:57]} Qd7 {[%emt 0:22:09]} 18. Qc2 {[%emt 0:21:13]} f6 {[%emt 0:17:02]} 19. Bh4 {[%emt 0:00:37]} O-O-O {[%emt 0:00:15]} 20. g4 {[%emt 0:05:52]} e5 {[%emt 0:03:25]} 21. fxe5 {[%emt 0:03:41]} fxe5 {[%emt 0:00:31]} 22. c6 {[%emt 0:00:23]} Nxc6 {[%emt 0:01:57]} 23. Bxd8 {[%emt 0:06:57]} Nd4 {[%emt 0:00:03]} 24. Qg6 {[%emt 0:01:34]} Qxd8 {[%emt 0:01:18]} 25. Ba6 {[%emt 0:00:12]} Bf6 {[%emt 0:00:13]} 26. Bxb7+ {[%emt 0:00:05]} Kxb7 {[%emt 0:00:03]} 27. Qf7 {[%emt 0:00:52]} Kc6 {[%emt 0:01:02]} 28. Kb1 {[%emt 0:00:24]} Bg5 {[%emt 0:00:05]} 29. a4 {[%emt 0:01:23]} a6 {[%emt 0:00:25]} 30. Rh1 {[%emt 0:01:44]} Bd2 {[%emt 0:02:34]} 31. Rd1 {[%emt 0:04:21]} Bf4 {[%emt 0:00:20]} 32. Rd3 {[%emt 0:02:50]} Kc5 {[%emt 0:01:08]} 33. Nxd5 {[%emt 0:00:49]} Qxd5 {[%emt 0:00:27]} 34. Qxc7+ {[%emt 0:00:08]} Kb4 {[%emt 0:00:38]} 35. Qb6+ {[%emt 0:00:12] Qd6} 1-0

[Event "Bhopal GM Open 2018"]
[Site "Bhopal"]
[Date "2018.12.27"]
[Round "9"]
[White "Vignesh N R"]
[Black "Subrota, Biswas"]
[Result "1-0"]
[WhiteElo "2455"]
[BlackElo "2171"]
[Annotator "RC"]
[PlyCount "98"]
[EventDate "2018.12.21"]
[EventType "swiss"]
[EventCountry "IND"]
[SourceTitle "playchess.com"]
[Source "ChessBase"]
[SourceQuality "1"]
[TimeControl "5400+30"]

1. e4 {[%emt 0:00:00]} c6 {[%emt 0:02:22]} 2. d4 {[%emt 0:00:00]} d5 {[%emt 0:00:06]} 3. Nd2 {[%emt 0:00:03]} dxe4 {[%emt 0:00:08]} 4. Nxe4 {[%emt 0:00:04]} Bf5 {[%emt 0:00:11]} 5. Ng3 {[%emt 0:00:06]} Bg6 {[%emt 0:00:05]} 6. h4 {[%emt 0:00:03]} h6 {[%emt 0:00:09]} 7. Nf3 {[%emt 0:00:04]} e6 {[%emt 0:01:02]} 8. Ne5 {[%emt 0:00:05]} Bh7 {[%emt 0:00:02]} 9. Bd3 {[%emt 0:00:15]} Bxd3 {[%emt 0:00:06]} 10. Qxd3 {[%emt 0:00:03]} Nd7 {[%emt 0:00:15]} 11. Bf4 {[%emt 0:00:09]} Qa5+ {[%emt 0:03:20]} 12. c3 {[%emt 0:01:22]} Ngf6 {[%emt 0:09:23]} 13. Nc4 {[%emt 0:01:43]} Qd5 {[%emt 0:01:44]} 14. O-O {[%emt 0:02:30]} Be7 {[%emt 0:06:28]} 15. Ne3 {[%emt 0:10:33]} Qa5 {[%emt 0:00:34]} 16. Rfe1 {[%emt 0:00:56]} Nh5 {[%emt 0:03:51]} 17. Nxh5 {[%emt 0:02:00]} Qxh5 {[%emt 0:00:03]} 18. Nf5 {[%emt 0:02:50]} Kf8 {[%emt 0:01:12]} 19. Nxe7 {[%emt 0:04:22]} Kxe7 {[%emt 0:00:02]} 20. Qg3 {[%emt 0:00:28]} Nf6 {[%emt 0:05:54]} 21. Bd6+ {[%emt 0:01:58]} Kd7 {[%emt 0:01:15]} 22. Qxg7 {[%emt 0:01:41]} Ng4 {[%emt 0:08:58]} 23. d5 {[%emt 0:23:29]} cxd5 {[%emt 0:00:05]} 24. Bg3 {[%emt 0:00:10]} e5 {[%emt 0:13:10]} 25. f3 {[%emt 0:01:56]} Rag8 {[%emt 0:00:24]} 26. fxg4 {[%emt 0:00:05]} Rxg7 {[%emt 0:00:12]} 27. gxh5 {[%emt 0:00:00]} Rxg3 {[%emt 0:00:16]} 28. Rxe5 {[%emt 0:00:07]} Kd6 {[%emt 0:19:17]} 29. Re2 Rg4 {[%emt 0:00:04]} 30. Rf1 {[%emt 0:01:04]} Rh7 {[%emt 0:00:57]} 31. Rf6+ {[%emt 0:01:30]} Kc5 {[%emt 0:04:14]} 32. Re7 {[%emt 0:08:49]} b6 {[%emt 0:00:55]} 33. Rxa7 Rhg7 34. Rc7+ {[%emt 0:00:55]} Kb5 {[%emt 0:00:39]} 35. Rf2 {[%emt 0:00:56]} Rxh4 {[%emt 0:05:10]} 36. Rf5 {[%emt 0:00:34]} Ka6 {[%emt 0:00:56]} 37. Rxd5 {[%emt 0:00:53]} Rhg4 {[%emt 0:00:07]} 38. Rd2 {[%emt 0:00:05]} R7g5 39. Rxf7 Rxh5 {[%emt 0:02:00]} 40. Rf6 {[%emt 0:00:43]} Ka5 {[%emt 0:02:50]} 41. b3 {[%emt 0:00:15]} Rg3 {[%emt 0:01:14]} 42. c4 {[%emt 0:00:34]} b5 {[%emt 0:00:26]} 43. cxb5 {[%emt 0:00:14]} Kxb5 {[%emt 0:00:19]} 44. Rdf2 {[%emt 0:00:43]} Kb4 {[%emt 0:01:56]} 45. R6f4+ {[%emt 0:00:19]} Kc3 {[%emt 0:00:03]} 46. R4f3+ {[%emt 0:00:05]} Rxf3 {[%emt 0:00:27]} 47. Rxf3+ {[%emt 0:00:02]} Kb4 {[%emt 0:00:43]} 48. Rh3 {[%emt 0:00:12]} Ra5 {[%emt 0:00:08]} 49. Rxh6 {[%emt 0:02:01]} Rxa2 {[%emt 0:00:05]} 1-0